A Framework to Assess the Effectiveness of IMF Technical Assistance in National Accounts /

This paper analyzes the effectiveness of technical assistance provided by AFRITAC West (AFW) in the area of national accounts using the Fund's Technical Assistance Information Management System (TAIMS). The challenge has been to report on "ultimate outcomes" (i.e., the production and...

Mô tả đầy đủ

Chi tiết về thư mục
Tác giả chính: Pastor Campos, Gonzalo
Định dạng: Tạp chí
Ngôn ngữ:English
Được phát hành: Washington, D.C. : International Monetary Fund, 2009.
Loạt:IMF Working Papers; Working Paper ; No. 2009/269
Truy cập trực tuyến:Full text available on IMF
LEADER 02055cas a2200241 a 4500
001 AALejournalIMF006170
008 230101c9999 xx r poo 0 0eng d
020 |c 5.00 USD 
020 |z 9781451874143 
022 |a 1018-5941 
040 |a BD-DhAAL  |c BD-DhAAL 
100 1 |a Pastor Campos, Gonzalo. 
245 1 2 |a A Framework to Assess the Effectiveness of IMF Technical Assistance in National Accounts /  |c Gonzalo Pastor Campos. 
264 1 |a Washington, D.C. :  |b International Monetary Fund,  |c 2009. 
300 |a 1 online resource (49 pages) 
490 1 |a IMF Working Papers 
500 |a <strong>Off-Campus Access:</strong> No User ID or Password Required 
500 |a <strong>On-Campus Access:</strong> No User ID or Password Required 
506 |a Electronic access restricted to authorized BRAC University faculty, staff and students 
520 3 |a This paper analyzes the effectiveness of technical assistance provided by AFRITAC West (AFW) in the area of national accounts using the Fund's Technical Assistance Information Management System (TAIMS). The challenge has been to report on "ultimate outcomes" (i.e., the production and dissemination of national accounts statistics along best international practices) rather than on "inputs" (i.e., the number of national accounts missions fielded by AFW), as it has been the case to date. The paper concludes that the "ultimate outcome" of producing and disseminating robust national accounts is work in progress, with AFW's technical assistance efforts mainly focusing on source data assessments and methodological issues underpinning the compilation of national accounts. The pending challenge is to further support a more timely production and dissemination of national accounts data, as recommended in the Data ROSCs and by the IMF mission teams to AFW member countries. 
538 |a Mode of access: Internet 
830 0 |a IMF Working Papers; Working Paper ;  |v No. 2009/269 
856 4 0 |z Full text available on IMF  |u http://elibrary.imf.org/view/journals/001/2009/269/001.2009.issue-269-en.xml  |z IMF e-Library